Lengua y literatura 3 : (Registro nro. 9852)

Detalles MARC
000 -LEADER
fixed length control field 01617nam a2200349 a 4500
001 - CONTROL NUMBER
control field 000012928
003 - CONTROL NUMBER IDENTIFIER
control field DO-SdBNP
005 - DATE AND TIME OF LATEST TRANSACTION
control field 20160420100419.0
007 - PHYSICAL DESCRIPTION FIXED FIELD--GENERAL INFORMATION
fixed length control field 000012928
008 - FIXED-LENGTH DATA ELEMENTS--GENERAL INFORMATION
fixed length control field 091118s2005 dr ac 000 0 spa d
020 ## - INTERNATIONAL STANDARD BOOK NUMBER
International Standard Book Number 9945110446
040 ## - CATALOGING SOURCE
Original cataloging agency BPMSU
Language of cataloging spa
Transcribing agency BPMSU
092 ## - LOCALLY ASSIGNED DEWEY CALL NUMBER (OCLC)
Classification number xxxx
Item number L566
100 ## - MAIN ENTRY--PERSONAL NAME
Personal name Osorio Meza, María José
245 00 - TITLE STATEMENT
Title Lengua y literatura 3 :
Remainder of title educación media /
Statement of responsibility, etc. Martha Campusano...[et al.] ; dirección editorial Obdulia García de Escobar.
246 ## - VARYING FORM OF TITLE
Title proper/short title tercero de bachillerato 1er curso/segundo ciclo
260 ## - PUBLICATION, DISTRIBUTION, ETC. (IMPRINT)
Place of publication, distribution, etc. Santo Domingo :
Name of publisher, distributor, etc. Santillana,
Date of publication, distribution, etc. 2005.
300 ## - PHYSICAL DESCRIPTION
Extent 4 v. :
Other physical details il., retrs. ;
Dimensions 28 cm.
490 1# - SERIES STATEMENT
Series statement Ámbar
500 ## - GENERAL NOTE
General note La biblioteca solamente posee los volumenes 3
505 0# - FORMATTED CONTENTS NOTE
Formatted contents note v. 3 :
Miscellaneous information 1er. curso/ 2do. ciclo
-- unidad 1 --
Title El trabajo de ser uno mismo --
Miscellaneous information unidad 2 --
Title Respetar el derecho ajeno --
Miscellaneous information unidad 3 --
Title Construir al ser humano --
Miscellaneous information unidad 4 --
Title La mujer en la historia --
Miscellaneous information unidad 5 --
Title Amigos para siempre --
Miscellaneous information unidad 6 --
Title Ser dominicanos --
Miscellaneous information unidad 7 --
Title Valemos lo que soñamos --
Miscellaneous information unidad 8 --
Title El reino de este mundo --
Miscellaneous information unidad 9 --
Title Pensar para crecer --
Miscellaneous information unidad 10 --
Title ¡Máquina con tus ideas! --
650 ## - SUBJECT ADDED ENTRY--TOPICAL TERM
Topical term or geographic name as entry element GRAMÁTICA
General subdivision ENSEÑANZA SECUNDARIA
650 ## - SUBJECT ADDED ENTRY--TOPICAL TERM
Topical term or geographic name as entry element EDUCACIÓN SECUNDARIA
General subdivision REPÚBLICA DOMINICANA
650 ## - SUBJECT ADDED ENTRY--TOPICAL TERM
Topical term or geographic name as entry element GRAMÁTICA
General subdivision LIBROS DE TEXTO
650 ## - SUBJECT ADDED ENTRY--TOPICAL TERM
Topical term or geographic name as entry element GRAMÁTICA
General subdivision ESTUDIOS Y EJERCICIOS
700 1# - ADDED ENTRY--PERSONAL NAME
Personal name García Cartagena, Manuel
830 #0 - SERIES ADDED ENTRY--UNIFORM TITLE
Uniform title Ámbar
930 #1 - EQUIVALENCE OR CROSS-REFERENCE-UNIFORM TITLE HEADING [LOCAL, CANADA]
Language of a work BND01
Medium of performance for music LF1
Field link and sequence number 20091118
Date of a work 01
Name of part/section of a work HD
Miscellaneous information 7864
942 ## - ADDED ENTRY ELEMENTS (KOHA)
Source of classification or shelving scheme Dewey Decimal Classification
Koha item type Libros
956 ## - LOCAL ELECTRONIC LOCATION AND ACCESS (OCLC)
Host name daysi garcia
Access number 10
Compression information 20150805
Logon BND01
Processor of request 1303
956 ## - LOCAL ELECTRONIC LOCATION AND ACCESS (OCLC)
Host name VMATEO
Access number 10
Compression information 20150813
Logon BPMSU
Processor of request 00151
Existencias
Withdrawn status Lost status Source of classification or shelving scheme Damaged status Not for loan Collection code Home library Current library Date acquired Source of acquisition Total Checkouts Full call number Barcode Date last seen Price effective from Koha item type
    Dewey Decimal Classification       Biblioteca Pública Metropolitana Salomé Ureña Biblioteca Pública Metropolitana Salomé Ureña 04/20/2016 Donación   373.61 BPMSU16040576 04/20/2016 04/20/2016 Libros